| 000 | 00000nas##2200000za#4500 |
| 001 | 9.507257 |
| 003 | CaOODSP |
| 005 | 20210908130039 |
| 007 | cr ||||||||||| |
| 008 | 150406c2007||||xxc|| p o||||f| |0eng|d |
| 040 | |aCaOODSP|beng |
| 043 | |an-cn--- |
| 086 | 1 |aPS62-1E-PDF |
| 110 | 2 |aRoyal Canadian Mounted Police. |
| 245 | 10|aRCMP quarterly report on conducted energy weapons / |h[electronic resource]|cPrepared by: National Use of Force Unit, Use of Force & Operational Programs Section, National Criminal Operations Branch, CCAPS. |
| 260 | |aOttawa - Ontario : |bRoyal Canadian Mounted Police |
| 310 | |aQuarterly |
| 362 | 1 |aOctober 1, 2007 to December 31, 2007 -- July 1, 2010 to September 30, 2010 |
| 690 | 07|aPolice services|2gcpds |
| 775 | 08|tRapport trimestriel de la GRC sur les armes à impulsions / |w(CaOODSP)9.503646 |